00688nam a2200229Ia 4500003000900000008004100009040001300050040001300063041000800076100002100084245004000105250001600145260001200161260000900173300001100182300001200193490002300205490000800228942000700236999001700243952019800260IT-RoPAU120407s9999 xx 000 0 und d aIT-RoPAU cIT-RoPAU aita aMartin Heidegger aKant e il problema della metafisica aRoma - Bari aLaterza c1985 a242 p. c18,1 cm aUniversale Laterza v678 cBK c30079d30079 00102ddc406193_70000000000000071aPAULUSbPAULUSd2012-04-11l0o193.7r2012-04-11 00:00:00w2012-04-11yBKzInserito da: LUCIA In data: 02 settembre 2011 fondo: Via A.Severo 56 Progr:16216